MDQL
is popping MORE tags! Check the
thread
!
Quizzes
Events
Quiz Creation
Community
Videos
Private Events
Remove Ads
Sign In
Join for FREE
Feedback
Dark Mode
Quiz Categories
Sports
Geography
Music
Movies
Television
Just For Fun
Miscellaneous
History
Literature
Language
Science
Gaming
Entertainment
Religion
Holiday
For Kids
Quiz Lab
Recent
Popular Today
Quiz Kudos Today
Editor Picks
Curator Picks
Quizzes by...
Day
Popularity
Type
Ratings
Length
Year
Community
Subscriptions
Recent Discussions
Orange Saloon
Badges
Playlists
Quests
Create
Leaderboards
Showdown
Live 5
Trivia Bingo
Activity
Puzzle Library
Sporcle Events
Private Events
Virtual Trivia
Globe League
Become a Host
Pub Owners
SporcleCon
Opinionation
Our Games
Videos
Blog
Mobile Apps
Partnerships
Remove Ads and Go Orange
Feedback
Music
Pop Music
The Beatles
Song
Album
Lyrics
Bands
Singers
Artist
Clip
Rock
Rap
Classical
Billboard
Country Music
Kpop
Taylor Swift
Music
Pop Music
The Beatles
Song
Album
Lyrics
Bands
Singers
Artist
Clip
Rock
Rap
Classical
Billboard
Country Music
Kpop
Taylor Swift
Random Quiz
Search Sporcle
×
Quiz Lab
Quiz Lab
Music
Song
Type in answers that appear in a list
Type in answers that appear in a list
Classic
Best Score? Go Orange.
MTV VMA Video of the Year winners Stats
Can you name the MTV VMA 'Video of the Year' winners?
By
SpeedBegger
15m
29 Questions
88 Plays
88 Plays
88 Plays
Comments
Comments
Give Quiz Kudos
Give Quiz Kudos
-
- Ratings
hide this ad
Replay
Link that replays current quiz
Next Quiz
Link to next quiz in quiz playlist
You Got
0%
They Got
Avg Score
72%
Avg Friend Score
Upgrade to see
Score Distribution
Jump to the score distribution portion of the page
Score
0/29
Timer
15:00
0
Plays Today
Year
Band
% Correct
2000
Eminem
95.5%
2002
Eminem
95.5%
2010
Lady Gaga
94.3%
2012
Rihanna (feat. Calvin Harris)
93.3%
1995
TLC
93.2%
2009
Beyoncé
93.2%
2004
OutKast
92%
2007
Rihanna feat. Jay-Z
92%
2005
Green Day
89.8%
2011
Katy Perry
88.6%
1991
R.E.M.
87.5%
1998
Madonna
85.2%
2001
Christina Aguilera, Lil' Kim, Mya and Pink
83%
1990
Sinead O'Connor
80.7%
2003
Missy Elliott
76.1%
Year
Band
% Correct
1993
Pearl Jam
73.9%
2006
Panic! at the Disco
73.9%
1999
Lauryn Hill
65.9%
2008
Britney Spears
65.9%
1986
Dire Straits
62.5%
1994
Aerosmith
62.5%
1987
Peter Gabriel
60.2%
1988
INXS
58%
1996
The Smashing Pumpkins
56.8%
1985
Don Henley
55.7%
1997
Jamiroquai
54.5%
1984
The Cars
46.6%
1992
Van Halen
43.2%
1989
Neil Young
25%
Quiz Playlist
Details
Report
Send in Message
Add To Playlist
Classic:
Type in answers that appear in a list
Last Updated: Feb 16, 2017
Quiz Scoreboard
CHALLENGE
Sign Up to Join the Scoreboard
Show All
Scores
Hide
Comments
May contain spoilers
Recently Published
Two Season TV Shows II
by 123Four
Television
10m
Image Sorting: Flags VI
by Barbecue
Geography
2m
Find the 'City' Movie
by crazypaving
Movies
60s
More to Explore
Quiz From the Vault
Featured Blog Post
14 Easter Pick-up Lines to Find Eggs With
hide this ad
You Might Also Like...
Tags
Song Quiz
MTV
Video
VMA
Winner
Today's Top Quizzes in Music
Browse Music
hide this ad
Today's Top Quizzes in Song
Browse Song
Top Contributed Quizzes in Music
1
5X2 Blitz: Bands II
2
5X2 Blitz: The Beatles
3
Taylor Swift All Songs (2024)
4
5X2 Blitz: Billboard
5
5X2 Blitz: Billboard II
6
5X2 Blitz: Album
7
5X2 Blitz: Singers
8
5X2 Blitz: Rock
9
Music Artist by Three 2010s hits
10
5X2 Blitz: Lyrics
Explore More
Trending Topics
NBA
Crossword
Kpop
Harry Potter
Anime
Disney
Marvel
WWE
Song
The Office
Puzzle
Soccer
Country
NFL
Pokémon
hide this ad
More By:
SpeedBegger
Quiz
Plays
Rating
Category
Featured
Created
CS:GO Esports squads
1,544
4.00
Gaming
Jul 27, 2015
Counter-Strike HLTV.org top 20
1,069
4.67
Gaming
Jan 2, 2020
Top Soccer Transfers 17/18
663
5.00
Sports
Jun 12, 2017
HLTV Top 150
543
5.00
Gaming
May 10, 2021
Biggest cities by country (Europe)
519
1.57
Geography
Sep 23, 2012
Go to Creator's Profile
Score Distribution
Quiz Creator Spotlight
SpeedBegger
Follow
Send a Message
Quizzes Created
-
Created Quiz Play Count
-
More By This Creator
Popular Quizzes Today
1
Find the US States - No Outlines Minefield
2
Colored Red Africa Blitz
3
Find the 'City' Movie
4
5x2 Blitz: Bands
5
The Countries of the World
6
Find the Countries of Europe - No Outlines Minefield
7
Find the US States
8
US States
More Music Quizzes
5-to-1: #1 Hits by Artist II
Published
Trending Quizzes
Colored Red Europe Blitz I
Colored Red Africa Blitz II
Colored Red Europe Blitz II
Colored Red Africa Blitz III
Colored Red Europe Blitz III
Recently Updated
How Do You Spell That?
pecheneg
Godzilla Movies
pecheneg
Grab Bag: 4-10 Letters
pecheneg
2024 March Madness Bracket
pecheneg
Famous TV Couples
Peacemaker
Champions League XIs: Real Madrid
pecheneg
Largest US Cities 1790-2010
pecheneg
Rides in Walt Disney World
pecheneg
Most Oscar Losses (Acting)
pecheneg
Beyoncé Albums
pecheneg
Trending Topics
Harry Potter
Kpop
NBA
Marvel
Crossword
Anime
Disney
Puzzle
NFL
Song
Soccer
Pokémon
Country
WWE
The Office
Your Account Isn't Verified!
In order to create a playlist on Sporcle, you need to verify the email address you used during registration. Go to your
Sporcle Settings
to finish the process.
Report this User
Report this user for behavior that violates our
Community Guidelines
.
Details:
Send Report
Go to the Sporcle.com Mobile Site →
Comments